MARC details
| 000 -LEADER |
| fixed length control field |
01494cam a22003614a 4500 |
| 001 - CONTROL NUMBER |
| control field |
14811946 |
| 003 - CONTROL NUMBER IDENTIFIER |
| control field |
OSt |
| 005 - DATE AND TIME OF LATEST TRANSACTION |
| control field |
20230606121442.0 |
| 008 - FIXED-LENGTH DATA ELEMENTS--GENERAL INFORMATION |
| fixed length control field |
070418s2005 ke b 100 0 eng |
| 010 ## - LIBRARY OF CONGRESS CONTROL NUMBER |
| LC control number |
2007380460 |
| 020 ## - INTERNATIONAL STANDARD BOOK NUMBER |
| International Standard Book Number |
996699257X |
| 040 ## - CATALOGING SOURCE |
| Original cataloging agency |
DLC |
| Transcribing agency |
DLC |
| Modifying agency |
DLC |
| 042 ## - AUTHENTICATION CODE |
| Authentication code |
lcode |
| 043 ## - GEOGRAPHIC AREA CODE |
| Geographic area code |
f------ |
| 082 ## - DEWEY DECIMAL CLASSIFICATION NUMBER |
| Classification number |
362.19 |
| Item number |
INT |
| 111 2# - MAIN ENTRY--MEETING NAME |
| Meeting name or jurisdiction name as entry element |
EHAIA-WCC "HIV/AIDS and Ethics" Workshop |
| Date of meeting |
(2004 : |
| Location of meeting |
Porto-Novo, Benin) |
| 245 10 - TITLE STATEMENT |
| Title |
Integrating HIV/AIDS into the ethics curriculum : |
| Remainder of title |
proceedings of the EHAIA-WCC "HIV/AIDS and Ethics" Workshop held at Porto Novo, Benin, October 4-8, 2004 / |
| Statement of responsibility, etc. |
edited by Charles Klagba, C.B. Peter. |
| 246 14 - VARYING FORM OF TITLE |
| Title proper/short title |
Into the sunshine |
| 260 ## - PUBLICATION, DISTRIBUTION, ETC. (IMPRINT) |
| Place of publication, distribution, etc. |
Eldoret, Kenya : |
| Name of publisher, distributor, etc. |
Zapf Chancery for Ecumenical HIV/AIDS Initiative in Africa, World Council of Churches, |
| Date of publication, distribution, etc. |
2005. |
| 300 ## - PHYSICAL DESCRIPTION |
| Extent |
222 p. ; |
| Dimensions |
21 cm. |
| 504 ## - BIBLIOGRAPHY, ETC. NOTE |
| Bibliography, etc |
Includes bibliographical references. |
| 650 #0 - SUBJECT ADDED ENTRY--TOPICAL TERM |
| Topical term or geographic name as entry element |
AIDS (Disease) |
| Geographic subdivision |
Africa. |
| 650 #0 - SUBJECT ADDED ENTRY--TOPICAL TERM |
| Topical term or geographic name as entry element |
AIDS (Disease) |
| General subdivision |
Religious aspects |
| Form subdivision |
Congresses. |
| 650 #0 - SUBJECT ADDED ENTRY--TOPICAL TERM |
| Topical term or geographic name as entry element |
AIDS (Disease) |
| General subdivision |
Moral and ethical aspects |
| Geographic subdivision |
Africa |
| Form subdivision |
Congresses. |
| 650 #0 - SUBJECT ADDED ENTRY--TOPICAL TERM |
| Topical term or geographic name as entry element |
AIDS (Disease) |
| General subdivision |
Study and teaching |
| Geographic subdivision |
Africa |
| Form subdivision |
Congresses. |
| 700 1# - ADDED ENTRY--PERSONAL NAME |
| Personal name |
Klagba, Charles. |
| 700 1# - ADDED ENTRY--PERSONAL NAME |
| Personal name |
Peter, C. B. |
| 710 2# - ADDED ENTRY--CORPORATE NAME |
| Corporate name or jurisdiction name as entry element |
Ecumenical HIV/AIDS Initiative in Africa. |
| 856 41 - ELECTRONIC LOCATION AND ACCESS |
| Materials specified |
Table of contents |
| Uniform Resource Identifier |
<a href="http://www.loc.gov/catdir/toc/fy0802/2007380460.html">http://www.loc.gov/catdir/toc/fy0802/2007380460.html</a> |
| 906 ## - LOCAL DATA ELEMENT F, LDF (RLIN) |
| a |
7 |
| b |
cbc |
| c |
origode |
| d |
3 |
| e |
ncip |
| f |
20 |
| g |
y-gencatlg |
| 942 ## - ADDED ENTRY ELEMENTS (KOHA) |
| Source of classification or shelving scheme |
Dewey Decimal Classification |
| Koha item type |
Books |